Sá da Bandeira e o Liberalismo em Portugal, 1795-1910 : actas, comemorações de bicentenário do nascimento, 21 a 23 de Setembro de 1995.
Saved in:
| Corporate Authors: | , |
|---|---|
| Format: | Book |
| Language: | Portuguese |
| Published: |
Santarém :
Câmara Municipal de Santarém,
1996.
|
| Edition: | 1. ed. |
| Subjects: | |
| Tags: |
Add Tag
No Tags, Be the first to tag this record!
|
| LEADER | 01224aam a2200301 a 4500 | ||
|---|---|---|---|
| 001 | 007683067-5 | ||
| 005 | 20020606104010.5 | ||
| 008 | 980217s1996 po a b l100 0bpor | ||
| 010 | |a 98116239 | ||
| 020 | |a 9729652996 | ||
| 035 | 0 | |a ocm39147944 | |
| 040 | |a DLC |c DLC | ||
| 043 | |a e-po--- | ||
| 050 | 0 | 0 | |a DP645.S15 |b S3 1996 |
| 245 | 0 | 0 | |a Sá da Bandeira e o Liberalismo em Portugal, 1795-1910 : |b actas, comemorações de bicentenário do nascimento, 21 a 23 de Setembro de 1995. |
| 250 | |a 1. ed. | ||
| 260 | |a Santarém : |b Câmara Municipal de Santarém, |c 1996. | ||
| 300 | |a 400 p. : |b ill. ; |c 24 cm. | ||
| 500 | |a "Actas do colóquio"--Cover. | ||
| 504 | |a Includes bibliographical references (p. [387]-392). | ||
| 600 | 2 | 0 | |a Sá da Bandeira, Bernardo de Sá Nogueira de Figueiredo, |c marquês de, |d 1795-1876 |v Congresses. |
| 650 | 0 | |a Liberalism |z Portugal |v Congresses. | |
| 650 | 0 | |a Generals |z Portugal |x Biography |v Congresses. | |
| 651 | 0 | |a Portugal |x Politics and government |y 1789-1900 |v Congresses. | |
| 710 | 1 | |a Santarém (Santarém, Portugal) | |
| 711 | 2 | |a Colóquio Sá da Bandeira e o Liberalismo em Portugal, 1795-1910 |d (1995 : |c Escola Superior de Educação de Santarém) | |
| 988 | |a 20020608 | ||
| 906 | |0 DLC | ||


